| 000 | 00797nam a2200253 i 4500 | ||
|---|---|---|---|
| 003 | DO-SdBNP | ||
| 005 | 20240503073632.0 | ||
| 007 | ta | ||
| 008 | 230523b1947 ag ac||| |||| 00| 0 spa d | ||
| 040 |
_aDO-SdBNP _bspa _cBNPHU _erda |
||
| 082 | 4 | _222 | |
| 100 | 1 |
_aCervantes Saavedra, Miguel de, _d1547-1616 _93070 |
|
| 245 | 1 | 0 |
_aDon Quijote de la Mancha / _cMiguel d Cervantes y Saavedra ; editor Joaquín Gil |
| 250 | _a2a ed. | ||
| 264 |
_aArgentina : _bEl Ateneo, _c1947. |
||
| 300 |
_a927 páginas : _bilustraciones, retratos y mapas ; _c28 cm. |
||
| 336 |
_2rdacontent _atexto _btxt |
||
| 337 |
_2rdamedia _asin mediación _bn |
||
| 338 |
_2rdacarrier _avolumen _bnc |
||
| 590 | _aInventariado, 2023/BT | ||
| 700 | 1 |
_aGil, Joaquín, _eeditor _983439 |
|
| 910 | _aBtavárez | ||
| 942 |
_2ddc _cLBS1 |
||
| 999 |
_c53592 _d53592 |
||